[Event "IOM Open-Masters 2017"]
[Site "Douglas"]
[Date "2017.09.26"]
[Round "4"]
[White "Rapport, Richard"]
[Black "Khmelniker, Ilya"]
[Result "1-0"]
[WhiteElo "2675"]
[BlackElo "2480"]
[Annotator "TA"]
[PlyCount "115"]
[EventDate "2017.??.??"]
[EventType "swiss"]
[EventCountry "GBR"]
[SourceTitle "playchess.com"]
[Source "ChessBase"]
[SourceQuality "1"]

{[%evp 24,115,7,12,18,12,56,45,38,26,80,85,136,131,167,167,167,107,106,92,97,78,83,30,54,19,19,19,19,19,22,22,28,22,19,18,39,13,20,33,36,28,90,87,79,43,89,106,106,67,164,157,104,137,144,158,232,93,300,256,416,410,408,408,411,411,411,403,1138,1138,1095,1075,1029,965,1844,1771,2034,1962,2220,2212,4281,4710,4618,29956,6121,5469,29966,29968,29969,29972,29980,29981,29979,29976]} 1. Nf3 Nf6 2. c4 e6 3. g3 b6 4. Bg2 Bb7 5. d4 Be7 6. O-O O-O 7. Nc3 Ne4 8. Bd2 d5 9. cxd5 exd5 10. Rc1 Na6 {E18: Queen's Indian: Old Main Line (4 g3 Bb7 5 Bg2 Be7 6 0-0 0-0 7 Nc3)} (10... Nd7 11. Bf4 Nxc3 12. bxc3 c5 13. Ne5 Nf6 14. Bg5 Ne4 15. Bxe7 Qxe7 16. Nd3 Rac8 17. dxc5 bxc5 18. Qa4 Bc6 19. Qa5 {½-½ (30) Wojtaszek,R (2749)-Korobov,A (2692) Doha 2016}) 11. Bf4 Re8 12. Qa4 $146 ({Predecessor:} 12. Ne5 c5 13. dxc5 Naxc5 {½-½ (13) Huebner,R (2632)-Dervishi,E (2491) Porto San Giorgio 2006}) 12... c5 13. Rfd1 {LiveBook: 3 Games} Nxc3 14. bxc3 Bd6 {White should prevent ...Bxf4.} 15. Bxd6 Qxd6 16. e3 c4 (16... Rad8 $11) 17. Nd2 $1 $16 Rec8 ({Black should try} 17... Qc6 18. Qxc6 Bxc6) 18. e4 dxe4 19. Nxe4 (19. Bxe4 $6 Bxe4 20. Nxe4 Qd5 $16) 19... Qc7 {[#]} 20. Qb5 (20. Nd6 $1 $18 {[%cal Rd6b7][%mdl 512]} Bc6 (20... Qxd6 21. Bxb7) 21. Nb5 (21. Qxa6 Qxd6 22. d5 Bd7 $14)) 20... Rd8 21. Qh5 f6 22. Re1 Rab8 23. Re3 (23. Qb5 $16) 23... Qf7 $1 $11 {[%cal Rf7h5]} 24. Qe2 {Black must now prevent Nd6!} Nc7 $1 {[#]} 25. Nd6 $1 {[%mdl 512]} Rxd6 26. Re7 Re6 27. Rxf7 Rxe2 28. Rxc7 Bxg2 29. Kxg2 {[%mdl 4096] Endgame KRR-KRR} Rbe8 30. Rxa7 {aiming for Rb1.} Rb2 31. a4 Ree2 32. Kf3 Rxf2+ (32... h5 $11) 33. Ke4 $16 Rxh2 34. Kd5 Rhg2 35. Re1 {[%cal Re1e8][%mdl 1024] White has strong compensation.} h5 36. Re3 b5 {[#]} ({Black should play} 36... Rbe2 $1 $14 37. Rxe2 Rxe2) 37. a5 $1 $18 b4 38. a6 bxc3 39. Rxc3 {Ra3 is the strong threat.} Ra2 {[#]} (39... f5 $16 40. Kxc4 (40. Rxc4 Ra2 $16) 40... Ra2) 40. Kc6 $1 {Strongly threatening d5.} ({Not} 40. Rxc4 Rxg3 41. Ra8+ Kf7 $11) (40. Kxc4 $6 Ra5 $16) 40... Rgd2 $2 (40... Ra4 $16 {is a better defense.}) 41. d5 {[%cal Bd4d5,Bd5d6][%mdl 32]} Ra5 $2 (41... Kh7 42. Rxc4 Ra3) 42. d6 Rad5 43. Rd7 Ra5 44. Kb6 ({Much less strong is} 44. a7 Rda2 $18) 44... Ra4 {With the idea ...Rb2+.} 45. Kb5 Rda2 (45... Ra1 $142 46. a7 (46. Rxc4 Rb2+ 47. Rb4 Rxb4+ 48. Kxb4 Rxa6 $16) 46... Kh7 47. Rxc4 Rb2+ 48. Rb4 Rba2) 46. Ra7 Ra5+ 47. Kb6 Rd5 48. d7 Rad2 49. Rxc4 Kh7 50. Rb7 Rd6+ 51. Rc6 Rxd7 52. Rxd7 Rxd7 {KR-KR} 53. a7 Rd8 54. Kc7 Rf8 55. Ra6 {White mates.} Ra8 56. Kb7 Rxa7+ 57. Rxa7 Kg6 58. Ra5 {Precision: White = 74%, Black = 36%.} 1-0

[Event "IOM Open-Masters 2017"]
[Site "Douglas"]
[Date "2017.09.26"]
[Round "4"]
[White "Hou, Yifan"]
[Black "Shvayger, Yuliya"]
[Result "1-0"]
[WhiteElo "2670"]
[BlackElo "2442"]
[Annotator "TA"]
[PlyCount "75"]
[EventDate "2017.??.??"]
[EventType "swiss"]
[EventCountry "GBR"]
[SourceTitle "playchess.com"]
[Source "ChessBase"]
[SourceQuality "1"]

{[%evp 19,75,9,22,15,18,20,30,21,35,36,36,30,49,46,48,41,48,35,38,44,51,14,13,15,14,16,25,10,26,14,26,12,16,17,18,22,35,0,35,35,28,33,69,58,52,52,207,204,256,259,252,218,764,766,764,758,754,745]} 1. Nf3 d5 2. e3 Nf6 3. c4 e6 4. b3 c5 5. Bb2 Nc6 6. cxd5 exd5 7. Bb5 Bd7 8. O-O Bd6 9. d4 cxd4 10. Nxd4 O-O {LiveBook: 18 Partien} 11. Nd2 {[%cal Bb1d2,Bd2f3,Bf3d4,Bd4e2,Be2f4][%mdl 32] A13: Reti-Eröffnung} Qe7 (11... Re8 12. Rc1 Rc8 13. N2f3 Qe7 14. Qe2 Bb8 15. Rfd1 Qd6 16. Nxc6 bxc6 17. Ba6 Rcd8 18. Bd3 Ne4 19. Bxe4 Rxe4 {½-½ (59) So,W (2822)-Radjabov,T (2710) Shamkir 2017}) 12. Bd3 $146 ({Vorgänger:} 12. Nxc6 bxc6 13. Bd3 a5 14. Qc2 Rfe8 15. Rfe1 Ba3 16. e4 Bxb2 17. Qxb2 h6 18. Qc2 Qd6 {½-½ (35) Punzon Moraleda,J (2417)-Marti Pericot,J (2402) ICCF 2007}) 12... Ba3 13. Qc1 {Weiß hat minimalen Vorteil.} Bxb2 14. Qxb2 Rfc8 15. N2f3 Nxd4 16. Nxd4 Qe5 17. h3 Rc7 18. Rad1 Rac8 19. Qa3 a6 20. Qb4 Ne4 21. Ne2 Nc3 22. Rd2 h6 23. Nf4 Be6 24. Re1 Bd7 25. f3 Re8 26. Bf1 Rec8 27. a4 Be6 28. Kf2 Qf6 29. Qd4 Qe7 30. Bd3 a5 31. Nh5 {[%csl Gh5][%cal Rd4g7] [#]} Qg5 32. g4 $40 {[%mdl 128] Droht stark Kg3. Weiss hat einigen Angriff.} Qh4+ $2 (32... f5 $14) 33. Kg2 $18 {[%csl Gh5][%cal Rd4g7]} f6 34. Rh1 f5 35. Nf4 ({Schwächer ist} 35. gxf5 Qg5+ 36. Ng3 Bf7 $16) 35... fxg4 $2 {[#]} (35... Bf7 36. Bxf5 Re8) 36. hxg4 {Weiß steht klar auf Gewinn.} Qe7 37. Nxe6 Qxe6 38. Bf5 {Precision: Weiß = 74%, Schwarz = 42%.} 1-0

[Event "IOM Open-Masters 2017"]
[Site "Douglas"]
[Date "2017.09.26"]
[Round "4"]
[White "Riazantsev, Alexander"]
[Black "Christiansen, Johan-Sebastian"]
[Result "1-0"]
[WhiteElo "2666"]
[BlackElo "2457"]
[Annotator "TA"]
[PlyCount "83"]
[EventDate "2017.??.??"]
[EventType "swiss"]
[EventCountry "GBR"]
[SourceTitle "playchess.com"]
[Source "ChessBase"]
[SourceQuality "1"]

{[%evp 16,83,45,31,22,26,23,25,19,37,28,5,8,19,16,14,81,75,74,81,72,70,96,93,99,92,92,85,136,96,156,161,216,194,389,389,385,390,378,386,389,374,539,524,609,604,605,604,602,627,637,632,631,613,659,648,729,716,716,691,849,835,1289,1148,1469,1460,1388,1395,1300,1441]} 1. d4 d5 2. c4 dxc4 3. e3 e5 4. Bxc4 exd4 5. exd4 Bd6 6. Nf3 Nf6 7. Qe2+ {D20: Queen's Gambit Accepted: 3 e3 and 3 e4} Qe7 8. Qxe7+ Bxe7 9. Nc3 {LiveBook: 14 Games. White is slightly better.} c6 10. O-O {aiming for Re1.} Nbd7 11. Re1 {Threatens to win with Ng5.} Nb6 12. Bb3 Nfd5 13. Ne4 O-O $146 ({Predecessor:} 13... Be6 14. Nfg5 Nc7 15. Nxe6 Nxe6 16. Bxe6 fxe6 {1-0 (70) Moradiabadi,E (2597)-Lederer,Y (2308) Asheville 2016}) 14. Nc5 a5 15. a4 Bxc5 (15... Rd8 $11) 16. dxc5 $16 Nd7 17. Bxd5 $1 cxd5 18. Bf4 Nf6 19. Nd4 Bd7 20. f3 Rfc8 21. Rec1 Be6 ({Better is} 21... Ne8) 22. Ra3 Nd7 (22... Bd7 $142) 23. Bd6 Ra6 {[#]} (23... Nf8 $142 24. Rb3 Ra7) 24. Rcc3 $1 $18 Nf8 $2 (24... Nb8 {was called for.} 25. Rab3 Nc6 26. Nxe6 fxe6) 25. Rab3 Bd7 26. Rxb7 Bxa4 27. Ra3 Be8 28. b4 {[%cal Bb2b4,Bb4b5][%mdl 32]} a4 (28... Rxd6 {was necessary.} 29. cxd6 axb4) 29. b5 {White is clearly winning.} Ra5 30. Bxf8 Kxf8 31. c6 g6 32. Kf2 Kg7 33. Ke3 Kf6 34. f4 g5 35. g3 gxf4+ 36. gxf4 Kg6 37. Kd3 Kh5 38. Kc3 Kg4 39. Kb4 Raa8 40. Rxa4 Rxa4+ 41. Kxa4 Kxf4 42. Re7 {Precision: White = 93%, Black = 41%.} 1-0

[Event "IOM Open-Masters 2017"]
[Site "Douglas"]
[Date "2017.09.26"]
[Round "4"]
[White "Akobian, Varuzhan"]
[Black "Sundararajan, Kidambi"]
[Result "1/2-1/2"]
[WhiteElo "2662"]
[BlackElo "2426"]
[Annotator "TA"]
[PlyCount "141"]
[EventDate "2017.??.??"]
[EventType "swiss"]
[EventCountry "GBR"]
[SourceTitle "playchess.com"]
[Source "ChessBase"]
[SourceQuality "1"]

{[%evp 25,140,2,16,-51,-33,-53,-37,-145,-142,-156,-146,-137,-122,-108,-116,-128,-125,-108,-123,-127,-64,-64,-66,-66,0,0,0,0,0,0,0,0,0,-20,0,0,0,8,37,10,42,42,27,31,59,8,8,10,61,8,8,0,8,8,8,8,8,8,8,8,8,0,0,0,0,0,0,0,0,0,0,0,0,0,0,0,8,8,8,8,8,8,8,8,8,8,8,8,8,8,8,0,0,0,0,0,0,0,0,0,0,0,0,0,0,0,0,0,0,0,0,0,0,0,0,0,0]} 1. d4 Nf6 2. c4 e6 3. Nc3 Bb4 4. Qc2 O-O 5. a3 Bxc3+ 6. Qxc3 d6 7. Bg5 Nbd7 8. e3 b6 9. Ne2 {E32: Nimzo-Indian: Classical (4 Qc2): 4...0-0} c5 10. Qc2 Bb7 11. Rd1 Rc8 {[%cal Ba8c8,Bc8c5,Bc5h5,Bh5h4,Bh4f4][%mdl 32]} 12. Nc3 cxd4 13. Rxd4 Rc5 {[#] LiveBook: 13 Games} 14. f4 $146 ({White should try} 14. Bh4 $11) ({Predecessor:} 14. Bh4 Qa8 15. f3 d5 16. Qd1 {1-0 (39) Erdos,V (2651)-David,A (2579) Condino 2014}) 14... h6 $15 15. Bh4 e5 $1 {[%cal Re5d4]} 16. Rd2 (16. fxe5 $1 $15 Rxe5 17. Be2) 16... exf4 $17 17. exf4 Re8+ 18. Kd1 Rh5 19. Bxf6 Nxf6 20. Kc1 Rh4 21. Bd3 Rxf4 22. Rhd1 Ne4 (22... Ng4 $17 {...Ne3 is the strong threat.} 23. Re2 Rxe2 24. Qxe2 Ne5) 23. Bxe4 $15 Bxe4 24. Qa4 Bf5 ({Better is} 24... Rg4 $15) 25. Rxd6 $11 Qc8 26. Qxe8+ $1 Qxe8 27. Rd8 Kf8 28. b3 Rf2 {[#] Hoping for ...Rc2+.} 29. Rxe8+ Kxe8 30. Rd2 Rxd2 31. Kxd2 {[%mdl 4096] Endgame KB-KN} Kd7 32. Ke3 Be6 33. Kd4 f6 34. b4 h5 {[%cal Bh6h5,Bh5h4][%mdl 32]} 35. c5 (35. h4 $14) 35... bxc5+ 36. Kxc5 Bf5 (36... h4 $11) 37. a4 (37. Nb5 $14) 37... h4 $1 {The position is equal.} 38. Nb5 a6 39. Nd6 Bd3 40. Nc4 Be4 41. g3 hxg3 42. hxg3 Bd3 43. Ne3 Ke6 44. Nd5 {And now Nf4+ would win.} g5 45. Kd4 Be2 46. Nc3 Bf3 47. b5 axb5 48. axb5 f5 49. b6 Kd6 50. Nb5+ Kc6 {[#]} 51. b7 $1 {[%mdl 512]} Kxb7 52. Nd6+ Kc6 53. Nxf5 Kd7 54. Ke5 Ke8 55. Kf6 g4 56. Nh6 Kf8 57. Kg5 Kg7 58. Nxg4 Bxg4 59. Kxg4 {KP-K} Kg6 60. Kf4 {Strongly threatening Kg4.} Kf6 61. g4 {[%cal Bg3g4,Bg4g5,Bg5g6][%mdl 32]} Kg6 62. g5 Kg7 63. Kf5 Kf7 64. g6+ Kg7 65. Kg5 Kg8 66. Kf6 {White wants to mate with g7.} Kf8 67. Ke6 {White threatens Kf6 and mate.} Kg7 68. Kf5 Kg8 69. Kf6 {Intending g7 and mate.} Kf8 $2 {[%mdl 8192]} (69... Kh8 70. g7+ Kg8 71. Kg6) 70. g7+ Kg8 71. Kg6 {Precision: White = 66%, Black = 71%.} 1/2-1/2

[Event "IOM Open-Masters 2017"]
[Site "Douglas"]
[Date "2017.09.26"]
[Round "4"]
[White "Fressinet, Laurent"]
[Black "Harika, Dronavalli"]
[Result "1-0"]
[WhiteElo "2657"]
[BlackElo "2528"]
[Annotator "TA"]
[PlyCount "151"]
[EventDate "2017.??.??"]
[EventType "swiss"]
[EventCountry "GBR"]
[SourceTitle "playchess.com"]
[Source "ChessBase"]
[SourceQuality "1"]

{[%evp 23,151,0,10,0,0,0,20,21,20,22,34,30,27,16,28,13,12,13,19,20,49,24,24,22,24,24,22,29,38,38,66,66,72,68,75,72,69,36,98,0,95,75,92,92,92,92,92,92,104,92,112,105,102,92,95,95,99,91,83,91,95,74,95,77,87,58,94,85,206,196,312,343,326,293,341,318,872,839,12824,5706,812,788,12834,12835,12835,12835,12835,12835,12831,791,12831,12834,12834,12835,12834,12835,12837,12837,12838,12837,12837,12836,12837,0,12837,12837,12837,10598,699,0,2288,1193,1081,750,1514,941,12842,12843,29980,29981,29981,29982,29982,29983,29982,12844,12845,12845,12845,12846]} 1. c4 e6 2. Nc3 d5 3. d4 c6 4. e3 Nf6 5. Nf3 Nbd7 6. Qc2 Bd6 7. b3 O-O 8. Be2 b6 9. O-O Bb7 10. Bb2 Qe7 11. Rad1 Rad8 12. Rfe1 Rfe8 13. g3 {D45: Semi-Slav: 5 e3} a6 (13... c5 14. cxd5 exd5 15. Bf1 Nf8 16. Bg2 Ne6 17. dxc5 bxc5 18. Nh4 Bb8 19. Nf5 Qd7 20. Na4 d4 {1-0 (37) Le,Q (2739)-Navara,D (2737) Saint Louis 2017}) 14. Bf1 c5 15. cxd5 {The position is equal.} exd5 16. Bg2 g6 17. Qb1 Rc8 18. dxc5 $146 Nxc5 19. Nd4 Nce4 20. Nxe4 Nxe4 21. Rc1 Ba3 22. Rxc8 Rxc8 23. Rc1 Rxc1+ 24. Qxc1 Bxb2 25. Qxb2 Nc5 26. Ne2 Ne6 27. h4 h5 28. Qe5 Qc7 29. Qf6 Qc2 30. Nf4 Nxf4 31. gxf4 ({Much weaker is} 31. Qxf4 Bc8 $14) (31. exf4 $16 Qc6 32. Qe7) 31... Qc6 (31... Qd1+ $11 {remains equal.} 32. Kh2 Qe2) 32. Qe5 Qd7 33. f5 gxf5 34. Bf3 Qe6 35. Qb8+ Bc8 36. Bxh5 Kg7 37. Qf4 Qf6 38. Kh2 Kh7 39. Qd4 Qd6+ 40. Kg1 Be6 41. Qf6 Qc7 42. Bf3 Qc1+ 43. Kg2 Qa3 44. h5 Qf8 45. Kf1 Qc8 {[#]} (45... a5 $16 {is a better defense.}) 46. Be2 $1 $18 a5 (46... d4 $142) 47. Bd3 Kg8 48. Ke2 Kh7 49. Kf3 d4 $2 {[#]} (49... b5 50. Ke2 (50. Bxb5 Qc2 $16) 50... b4) 50. h6 $1 {[%csl Gh6][%cal Rf6g7]} Qa8+ 51. Ke2 {[%csl Gh6][%cal Rf6g7]} Qf8 52. exd4 {[%cal Be3d4,Bd4d5,Bd5d6][%mdl 32]} Qxh6 53. Bxf5+ Bxf5 54. Qxf7+ (54. Qxf5+ Kg8 $16) 54... Kh8 55. Qxf5 {[%mdl 4096] Endgame KQ-KQ} Qc1 56. Qd3 (56. d5 $142 Qb2+ 57. Ke3 Qc1+ 58. Kf3) 56... Kg7 57. d5 Qb2+ 58. Qd2 Qe5+ 59. Kf1 Kf7 60. d6 Qe4 61. Qe3 Qd5 62. Qf4+ Ke8 63. Qe3+ Kf7 $1 64. Qe7+ Kg6 65. Qe8+ Kg7 66. Qe7+ (66. Qd7+ $142 Kf6 67. Qe7+ Kf5 68. Ke2 Qb5+ 69. Ke1) 66... Kg6 {Now ...Qd1+ and Black clings on.} 67. Kg1 Kf5 68. Qf8+ ({Not} 68. d7 Qd1+ 69. Kh2 Qh5+ 70. Kg2 Qg4+ 71. Kf1 Qd1+ 72. Qe1 (72. Kg2 Qg4+ 73. Kf1 Qd1+ 74. Qe1 Qxd7 $16) 72... Qxd7 $16) 68... Ke4 69. Qf6 Qg8+ 70. Kf1 Qc8 71. Qe7+ Kf5 72. d7 Qc1+ 73. Qe1 Qc7 74. Qd2 (74. Qd1 $142 Qd8 75. Qh5+ Kf4 76. Qe8 Qh4 77. d8=Q Qh1+ 78. Ke2 Qf3+ 79. Ke1 Qc3+ 80. Kf1) 74... Qd8 75. Qd5+ Kf6 76. f4 {Precision: White = 80%, Black = 46%.} 1-0

[Event "IOM Open-Masters 2017"]
[Site "Douglas"]
[Date "2017.09.26"]
[Round "4"]
[White "Grandelius, Nils"]
[Black "Caruana, Fabiano"]
[Result "1/2-1/2"]
[WhiteElo "2653"]
[BlackElo "2799"]
[Annotator "TA"]
[PlyCount "68"]
[EventDate "2017.??.??"]
[EventType "swiss"]
[EventCountry "GBR"]
[SourceTitle "playchess.com"]
[Source "ChessBase"]
[SourceQuality "1"]

{[%evp 9,68,21,18,0,0,0,2,7,9,7,15,23,23,16,21,0,0,0,0,2,14,-14,20,-5,0,0,0,-35,-42,-97,-4,0,-10,-14,10,6,8,0,0,0,9,9,9,9,4,0,0,0,12,17,9,16,25,-15,-17,-15,0,-18,-18,-18,-18]} 1. e4 e5 2. Nf3 Nc6 3. Bb5 Nf6 4. d3 Bc5 5. c3 O-O 6. Bg5 {[%cal Bc1g5,Bg5h4,Bh4g3][%mdl 32] C65: Ruy Lopez: Berlin Defence (3...Nf6), unusual lines and 4 0-0 Bc5} h6 7. Bh4 Be7 8. O-O d6 9. Bg3 Bg4 $146 ({Predecessor:} 9... Bd7 10. h3 Nh7 11. Nbd2 Ng5 12. Re1 Nxf3+ 13. Nxf3 Bf6 {½-½ (49) Vachier Lagrave,M (2795)-Malakhov,V (2712) Chartres 2017}) 10. h3 Bh5 11. Nbd2 Nd7 12. d4 exd4 13. Bxc6 $1 bxc6 14. cxd4 c5 15. Qc2 Bg6 16. Rfe1 Re8 17. Rac1 a5 18. dxc5 Nxc5 19. Nb3 (19. b3 $15) 19... Nxb3 ({Better is} 19... Nxe4 $17 20. Qxc7 Nxg3 21. fxg3 Qxc7 22. Rxc7 Bf6 23. Rxe8+ Rxe8) 20. Qxb3 $11 Rb8 21. Qc3 Rb5 22. b3 Rc5 23. Qd4 Rxc1 24. Rxc1 Bf8 25. Nd2 c5 26. Qd5 Qf6 27. Re1 Qe6 28. Re3 Qxd5 29. exd5 Rxe3 30. fxe3 {KBB-KBN} a4 31. e4 axb3 {The position is equal.} 32. axb3 Be7 33. Kf2 Bg5 34. Nf3 Bxe4 {Precision: White = 42%, Black = 62%.} 1/2-1/2

[Event "IOM Open-Masters 2017"]
[Site "Douglas"]
[Date "2017.09.26"]
[Round "4"]
[White "Xiong, Jeffery"]
[Black "Kjartansson, Gudmundur"]
[Result "1-0"]
[WhiteElo "2633"]
[BlackElo "2456"]
[Annotator "TA"]
[PlyCount "79"]
[EventDate "2017.??.??"]
[EventType "swiss"]
[EventCountry "GBR"]
[SourceTitle "playchess.com"]
[Source "ChessBase"]
[SourceQuality "1"]

{[%evp 13,79,8,18,24,42,51,55,48,44,47,53,51,56,56,58,47,95,68,106,106,104,74,129,87,78,58,116,112,123,126,131,121,115,73,94,104,144,120,122,97,120,120,237,212,235,237,221,177,184,164,164,165,174,168,173,175,175,174,172,169,167,169,229,234,241,235,580,578]} 1. c4 c6 2. d4 d5 3. Nf3 Nf6 4. Qb3 dxc4 5. Qxc4 Bf5 6. g3 e6 7. Bg2 Qa5+ {LiveBook: 3 Games. D23: Queen's Gambit Accepted: 3 Nf3 Nf6 sidelines} (7... Be7 8. O-O O-O 9. e3 Nbd7 10. Qe2 Qc7 11. Nc3 e5 12. dxe5 Nxe5 13. Nxe5 Qxe5 14. e4 Bg4 15. f3 Be6 {½-½ (43) Yu,Y (2743)-Wang,H (2680) Chengdu 2017}) 8. Nc3 b5 9. Qb3 b4 {White is slightly better.} 10. Nb1 Be4 $146 ({Predecessor:} 10... Be7 11. Nbd2 O-O 12. Nh4 Bg4 13. h3 Bh5 14. g4 Nfd7 15. Nc4 {1-0 (48) Deepan Chakkravarthy,J (2479)-Suvrajit,S (2405) Biel 2007}) 11. Nbd2 Bd5 $1 {[%cal Rd5b3]} 12. Qc2 ({Wrong is} 12. Nc4 $2 Qa6 $19) 12... b3 $1 {[%cal Rb3c2]} 13. Qd1 $1 bxa2 14. O-O Na6 15. Re1 $1 Ne4 {And now ...Bb4 would win.} 16. Ne5 f5 17. e3 Bb4 (17... Nb4 $142) 18. Nxe4 fxe4 19. Re2 $1 Bd6 {[#]} (19... Be7 $14) 20. b3 $1 $16 {[%mdl 1024] White has strong compensation.} Nb4 {[#] next ...Bxe5 is good for Black.} 21. Nc4 $1 {[%cal Rc4a5]} Qc7 22. Ba3 $36 {[%mdl 2048] White is in control.} O-O 23. Nd2 {[%cal Bc4d2,Bd2e4,Be4g5,Bg5f3,Bf3e5][%mdl 32]} e5 24. Nxe4 Be7 25. Bxb4 Bxb4 26. Rexa2 a5 27. Ng5 {Threatens to win with Qc2.} Bxg2 (27... Qe7 $16) 28. Qd3 $18 {[%csl Gg5][%cal Rd3h7]} ({Much less strong is} 28. Kxg2 $6 Qe7 $16) 28... g6 {Hoping for ...Bd5.} 29. Kxg2 Qe7 30. Qc4+ Kh8 31. Nf3 exd4 32. Qxd4+ Kg8 33. Ne5 Qe6 34. Qc4 Qxc4 35. Nxc4 Rf5 36. e4 Rb5 37. Rd1 Be7 (37... Re8 $142 38. f3 Kf8) 38. Rd7 Kf8 39. Rc7 Rc5 $2 (39... Rxb3 {is a better chance.} 40. Rxa5 (40. Rxc6 Bd8 $16) 40... Rxa5 41. Nxa5 Rb2 42. Rxc6 Bb4) 40. Nb6 {Precision: White = 77%, Black = 43%.} 1-0

[Event "IOM Open-Masters 2017"]
[Site "Douglas"]
[Date "2017.09.26"]
[Round "4"]
[White "Shirov, Alexei"]
[Black "Anand, Viswanathan"]
[Result "1/2-1/2"]
[WhiteElo "2630"]
[BlackElo "2794"]
[Annotator "TA"]
[PlyCount "60"]
[EventDate "2017.??.??"]
[EventType "swiss"]
[EventCountry "GBR"]
[SourceTitle "playchess.com"]
[Source "ChessBase"]
[SourceQuality "1"]

{[%evp 22,60,27,38,47,16,20,-5,22,12,11,16,29,0,16,18,32,25,21,28,31,26,15,17,64,58,56,55,68,28,28,41,26,7,25,19,35,0,0,0,1]} 1. e4 e5 2. Nf3 Nc6 3. Bb5 Nf6 4. O-O Nxe4 5. d4 Nd6 6. Bxc6 dxc6 7. dxe5 Nf5 8. Qxd8+ Kxd8 9. Nc3 Ne7 10. h3 Ng6 11. Be3 Ke8 {C67: Ruy Lopez: Berlin Defence: 4 0-0 Nxe4} 12. Rad1 {LiveBook: 5 Games} Bd7 13. Rfe1 $146 ({Predecessor:} 13. a3 Be7 14. Rfe1 Rd8 15. Ne4 b6 16. Bc1 Kf8 17. Neg5 Be8 18. Nd4 {½-½ (38) Shirov,A (2684)-Kramnik,V (2801) Zuerich 2016}) 13... Bb4 14. Bd4 Be6 15. a3 $1 {[%cal Ra3b4]} Bxc3 16. Bxc3 c5 17. Ng5 Ke7 18. Kh2 h5 19. b4 cxb4 20. Bxb4+ Ke8 21. Nxe6 fxe6 22. Re3 {aiming for Rg3.} Ne7 23. Bxe7 Kxe7 $14 {[%mdl 4096] Endgame KRR-KRR} 24. Rc3 Rac8 25. Rd4 c5 26. Ra4 a6 27. Ra5 c4 28. Ra4 Rhf8 29. Raxc4 Rxc4 30. Rxc4 {White wants to play Rc7+.} Rxf2 {Precision: White = 51%, Black = 40%.} 1/2-1/2

[Event "IOM Open-Masters 2017"]
[Site "Douglas"]
[Date "2017.09.26"]
[Round "4"]
[White "Bok, Benjamin"]
[Black "Vidit, Santosh Gujrathi"]
[Result "0-1"]
[WhiteElo "2620"]
[BlackElo "2702"]
[Annotator "TA"]
[PlyCount "80"]
[EventDate "2017.??.??"]
[EventType "swiss"]
[EventCountry "GBR"]
[SourceTitle "playchess.com"]
[Source "ChessBase"]
[SourceQuality "1"]

{[%evp 35,80,-13,1,-34,-35,-41,-42,-35,-41,-38,-18,-14,-16,-62,-58,-71,-61,-105,-96,-95,-79,-173,-191,-195,-187,-195,-185,-395,-386,-383,-368,-361,-325,-306,-296,-410,-375,-604,-604,-604,-597,-579,-561,-497,-490,-437,-302]} 1. e4 e5 2. Nf3 Nc6 3. Bb5 a6 4. Ba4 Nf6 5. O-O Be7 6. Re1 b5 7. Bb3 d6 8. c3 O-O 9. h3 Bb7 10. d4 {[%cal Bd2d4,Bd4d5][%mdl 32]} Re8 11. Ng5 Rf8 12. Nf3 Re8 13. Nbd2 Bf8 14. a3 g6 15. d5 {C92: Closed Ruy Lopez: 9...Be6, Karpov and Flohr-Zaitsev Variations} (15. Ba2 Bg7 16. b4 exd4 17. cxd4 a5 18. Qb3 Qd7 19. Bb2 axb4 20. axb4 Ra4 21. Bc3 Nh5 22. Bb1 Rxa1 23. Bxa1 Nf4 24. Bc3 {1-0 (77) Inarkiev,E (2723)-Oparin,G (2625) Moscow 2017}) 15... Nb8 16. Nf1 Nbd7 17. Ba2 Nc5 18. Ng3 c6 {LiveBook: 3 Games} 19. Bg5 (19. b4 {seems wilder.} Na4 20. dxc6 Bxc6 21. Be3 Rc8 22. Qd2) 19... cxd5 20. Bxf6 Qxf6 21. Bxd5 Bxd5 22. Qxd5 Na4 $146 ({Predecessor:} 22... Rac8) 23. Qd2 Rad8 24. Nf1 d5 25. exd5 e4 26. N3h2 Qd6 27. Rad1 f5 28. g4 (28. Re2 $17) 28... Nc5 $19 29. gxf5 gxf5 30. Ng3 Nd3 {[#] Strongly threatening ...Qg6.} 31. Nxf5 $2 (31. Qg5+ {was worth a try.} Qg6 32. Qxf5 Qxf5 33. Nxf5) 31... Qg6+ 32. Ng3 Bc5 {White must now prevent ...Qxg3+.} ({Weaker is} 32... Nxe1 33. Rxe1 Re5 34. Qf4 $17) 33. Re3 {[%cal Re3d3]} Bxe3 34. Qxe3 {and the idea Ng4 leaves White hopeful.} Rxd5 ({Don't take} 34... Nxb2 35. Rd4 $19) 35. Ng4 h5 {[%cal Bh7h5,Bh5g4][%mdl 32]} 36. Nxe4 $2 (36. Qh6 Qxh6 37. Nxh6+ Kh7 38. Nhf5) 36... hxg4 {Black is clearly winning.} 37. Nf6+ Qxf6 38. Qxe8+ Kg7 39. Qe3 gxh3 {[#] Hoping for ...Rg5+.} 40. Kh2 Qd6+ {Precision: White = 33%, Black = 90%.} 0-1